ARRUPE JESUIT UNIVERSITY

CORONAVIRUS -STOP THE SPREAD - CLEAN,DISINFECT,COVER

A comparison of the educational ideas and practices of John Dewey and Mao Zedong in China (Record no. 64112)

MARC details
000 -LEADER
fixed length control field 00564nam a2200205Ia 4500
003 - CONTROL NUMBER IDENTIFIER
control field 0100
008 - FIXED-LENGTH DATA ELEMENTS--GENERAL INFORMATION
fixed length control field 130303s9999 xx 000 0 und d
020 ## - INTERNATIONAL STANDARD BOOK NUMBER
International Standard Book Number 0773497994
040 ## - CATALOGING SOURCE
Transcribing agency ARRUPELIB
050 ## - LIBRARY OF CONGRESS CALL NUMBER
Classification number LC191.8.C5X8 1992
300 ## - PHYSICAL DESCRIPTION
Other physical details 23cm
100 ## - MAIN ENTRY--PERSONAL NAME
Personal name Di, Xu
245 #2 - TITLE STATEMENT
Title A comparison of the educational ideas and practices of John Dewey and Mao Zedong in China
245 ## - TITLE STATEMENT
Remainder of title is school society or society school?
260 ## - PUBLICATION, DISTRIBUTION, ETC. (IMPRINT)
Place of publication, distribution, etc San Francisco
260 ## - PUBLICATION, DISTRIBUTION, ETC. (IMPRINT)
Name of publisher, distributor, etc Mellen Research university Press
260 ## - PUBLICATION, DISTRIBUTION, ETC. (IMPRINT)
-- 1992
300 ## - PHYSICAL DESCRIPTION
Extent 144p.
942 ## - ADDED ENTRY ELEMENTS (KOHA)
Source of classification or shelving scheme Library of Congress Classification
Koha issues (borrowed), all copies 3
Holdings
Withdrawn status Lost status Source of classification or shelving scheme Damaged status Not for loan Collection code Home library Current library Shelving location Date acquired Total Checkouts Full call number Barcode Date last seen Date checked out Copy number Price effective from Koha item type
    Library of Congress Classification     Main Collection ARRUPE LIBRARY ARRUPE LIBRARY   05/03/2013 4 LC191.8.C5X8 1992 46003097906 28/06/2018 19/05/2016 1 05/03/2013 Monograph ( Printed materials)

 

Arrupe Library. PO Box MP320 Mt Pleasant, Harare, Zimbabwe
263 242 745411|librarian@aju.ac.zw